00341nam a22001337a 4500008004100000082001500041100003100056245004000087260003000127300000900157440001400166942001200180999001500192230620b xxu||||| |||| 00| 0 eng d a320.9bCRO cRichard Crook, James Manor aCommonwealth & Comparative Politics bFrank Cass & Co Ltdc2000 a287p vVolume 42 2ddccBK c1571d1571